00478nam a22001572 4500001001100000005001700011008004100028020002600069040001500095100003400110245003800144260003500182300001600217650004000233650004700273000000728920151217155833.0071218s xx 000 0 eng d a9966250956 :cKES 240 aKABUcKABU1 aWandibba, Simiyu.@000015850110aJ. M. Kariuki /cSimiyu Wandibba. aNairobi :bE. A. E. P.,c2004. avii, 66 p. 0aKariuki, Josiah Mwangi.@0000158514 0aPoliticiansvBiographyzKenya.@0000158503